MARC

LEADER 00000nam0a2200000 4500
001 59126
005 20231101211804.0
035 |a (RuTPU)RU\TPU\book\62496 
090 |a 59126 
100 |a 20031219d1974 m y0rusy50 ca 
101 0 |a rus 
102 |a RU 
105 |a a j 001zy 
200 1 |a Работоспособность и надежность деталей машин  |e учебное пособие для вузов  |f Д. Н. Решетов 
210 |a Москва  |c Высшая школа  |d 1974 
215 |a 206 с.  |c ил. 
320 |a Библиогр.: с. 202-204. 
606 1 |a Детали машин  |x Надежность  |2 stltpush  |3 (RuTPU)RU\TPU\subj\9158  |9 36436 
610 1 |a машины 
610 1 |a нагрузки 
610 1 |a материалы 
610 1 |a прочность 
610 1 |a жесткость 
610 1 |a износостойкость 
610 1 |a теплостойкость 
610 1 |a энергетическая эффективность 
610 1 |a расчет 
610 1 |a перспективы 
610 1 |a учебные пособия 
675 |a 621.81-192(075.8)  |v 3 
700 1 |a Решетов  |b Д. Н.  |g Дмитрий Николаевич 
801 1 |a RU  |b 63413507  |c 20031219  |g PSBO 
801 2 |a RU  |b 63413507  |c 20221024  |g PSBO 
942 |c BK